000
00265nam a2200109Ia 4500
008
200302s9999 xx 000 0 und d
100
_a
Architekturgelerie Luzern
245
_a
Devanthery & Lamuniere
260
_b
Birkhauser Verlag Ag
260
_c
1996
300
_a
102
999
_c
4643
_d
4643